000 00509nam a2200205Ia 4500
001 12949
003 GE_BSU
008 181216s||||||||xx |||||||||||||| ||und||
020 _a9780747585664
040 _cGE_BSU
080 _a821.111-32
100 _aGilbert,Elizabeth.
245 _aEat Pray Love.One Woman's Search for Everything.
260 _aLondon.
260 _bBloomsburu.
260 _c2006
300 _a349p;20cm.
653 _aEat Pray Love.One Woman's Search for Everything.
942 _cBK
999 _c46118
_d46118